| 000 | 00530nam a2200193Ia 4500 | ||
|---|---|---|---|
| 003 | OSt | ||
| 005 | 20230610101350.0 | ||
| 008 | 210423s2003 xx 000 0 und d | ||
| 040 | _cAL | ||
| 082 |
_a307.1772 CHAT _223 |
||
| 100 |
_aCHACKO (Pariyaram M) _9122981 |
||
| 245 | _aTribal commiunities and social change | ||
| 260 |
_aNew Delhi _bResponse Books _c2003 |
||
| 365 |
_b350 _cINR |
||
| 650 |
_aCommunities _9122982 |
||
| 650 |
_aSociology _9122983 |
||
| 906 | _achange ; commiunities ; social ; Tribal | ||
| 942 |
_2ddc _cBK |
||
| 999 |
_c174134 _d174134 |
||